Electricidad: (Registro nro. 156620)
[ vista simple ]
| 000 -LEADER | |
|---|---|
| fixed length control field | 00853nam a22002057a 4500 |
| 005 - DATE AND TIME OF LATEST TRANSACTION | |
| control field | 20210630144107.0 |
| 008 - FIXED-LENGTH DATA ELEMENTS--GENERAL INFORMATION | |
| fixed length control field | 210630b mx ||||| |||| 00| 0 spa d |
| 020 ## - INTERNATIONAL STANDARD BOOK NUMBER | |
| International Standard Book Number | 9786077601715 |
| 050 04 - LIBRARY OF CONGRESS CALL NUMBER | |
| Classification number | HD9685.M4 |
| Item number | E54 2013 |
| 245 00 - TITLE STATEMENT | |
| Title | Electricidad: |
| Remainder of title | recurso estratégico y actividades productivas: procesos de electrificación en el norte de México, siglos XIX-XX / |
| Statement of responsibility, etc | Moisés Gámez coordinador |
| 250 ## - EDITION STATEMENT | |
| Edition statement | Primera edición |
| 260 ## - PUBLICATION, DISTRIBUTION, ETC. (IMPRINT) | |
| Place of publication, distribution, etc | México : |
| Name of publisher, distributor, etc | El Colegio de San Luis, |
| Date of publication, distribution, etc | 2013 |
| 300 ## - PHYSICAL DESCRIPTION | |
| Extent | 295 p.: |
| Other physical details | ilustraciones, |
| Dimensions | 23 cm. |
| 490 0# - SERIES STATEMENT | |
| Series statement | Colección investigaciones |
| 504 ## - BIBLIOGRAPHY, ETC. NOTE | |
| Bibliography, etc | Incluye bibliografía: p.289-295. |
| 650 #7 - SUBJECT ADDED ENTRY--TOPICAL TERM | |
| Source of heading or term | lemb |
| Topical term or geographic name as entry element | Electrificación |
| General subdivision | Aspectos económicos |
| Geographic subdivision | México, Norte |
| General subdivision | Historia |
| 650 #7 - SUBJECT ADDED ENTRY--TOPICAL TERM | |
| Source of heading or term | lemb |
| Topical term or geographic name as entry element | Industrias eléctricas |
| Geographic subdivision | México, Norte |
| General subdivision | Historia |
| 700 1# - ADDED ENTRY--PERSONAL NAME | |
| Personal name | Gámez, Moisés, |
| Relator term | coordinador |
| 942 ## - ADDED ENTRY ELEMENTS (KOHA) | |
| Source of classification or shelving scheme | Biblioteca del Cogreso de los Estados Unidos |
| Koha item type | Libro |
| Estado de pérdida | Fuente de clasificación | Estado del daño | No para préstamo | Ubicación permanente | Ubicación actual | Apartado o colección | Fecha de adquisición | Edición | Dependencia de educación superior (DES) | Área del conocimiento | Clasificación | Código de Barras | Date last seen | Número de copia | Costo por reposición | Tipo de recurso |
|---|---|---|---|---|---|---|---|---|---|---|---|---|---|---|---|---|
| Biblioteca del Cogreso de los Estados Unidos | Biblioteca del Instituto de Investigaciones Históricas | Biblioteca del Instituto de Investigaciones Históricas | General | 30/06/2021 | 1a ed. | Humanidades | Ciencias Sociales y Administrativas | HD9685.M4 E54 2013 | IIH000030346 | 30/06/2021 | C:1 | 1.00 | Libro |